True or false #2 - Statistics

General Stats
  • This quiz has been taken 25 times
  • The average score is 7 of 15
Answer Stats
Question Answer % Correct
Lion kill more people then hippos False
100%
Your more likely to be killed by a cow then a shark True
100%
By 2050 there will be more Asians in the USA then black people in the USA True
100%
Elephants are more closely related to manatees then rhinos and hippos True
100%
Thunderstorms don’t exist in space False
50%
It is impossible to tickle yourself False
50%
Tom Brady has won more super bowls as Amy NFL team True
50%
Gay people were only given the right to marry in the Netherlands 2000 True
50%
After apes and monkeys humans are most closely related to bears True
50%
Jupiter is the biggest planet in the galaxy False
0%
2pac was killed before biggie True
0%
The square root of 1, 1 to the 10th power, (3 x 2)^2-(7 x 5) all equal the same thing True
0%
Disneys first full color animated film was Pinocchio True
0%
Leonardo DiCaprio has won more Oscar’s then any actor True
0%
There are 8 people from each team in the pool during a regulation water polo game True
0%
No matching quizzes found
Score Distribution
Percent of People with Each Score
Percentile by Number Answered
Your Score History
You have not taken this quiz